• 首页
  • 本馆介绍
  • 公告通知
  • 最新文献
  • 馆藏检索
  • 电子资源
  • 读者导购
  • 参考咨询
  • 我的图书馆
  • 登录
  • 详细信息显示
  • 放入我的书架
  • 预约/预借图书
  • 作者相关作品
  • 分类相关作品
  • 丛书相关作品
  • 出版社相关作品

书目信息

  • 表格格式
  • 工作单格式
  • 卡片格式
题名:
2020年版全国一级造价工程师职业资格考试模拟试题与解析
    
 
作者: 杨莉琼 , 兰定筠 主编
分册:   建设工程技术与计量
出版信息: 北京   中国计划出版社  2020.4
页数: 252页
开本: 26cm
丛书名:
单 册:
中图分类: TU723.31 , TU74
科图分类:
主题词: 建筑造价管理--资格考试--题解 , 建筑施工--技术--资格考试--题解 , 土木工程--资格考试--题解
电子资源:
ISBN: 978-7-5182-1158-6
000 01063nam0 2200277 45
001 012001000132
005 20140910152440.0
010    @a978-7-5182-1158-6@dCNY55.00
100    @a20200918d2020 em y0chiy50 ea
101 0  @achi
102    @aCN@b110000
105    @aa zq 000yy
106    @ar
200 1  @a2020年版全国一级造价工程师职业资格考试模拟试题与解析@A2020 nian ban quan guo yi ji zao jia gong cheng shi zhi ye zi ge kao shi mo ni shi ti yu jie xi@i建设工程技术与计量@i土木建筑工程@b专著@f杨莉琼,兰定筠主编
210    @a北京@c中国计划出版社@d2020.4
215    @a252页@c图@d26cm
330    @a本书收录了十套建设工程技术与计量(土木建筑工程)模拟测试题及答案与解析。书后附建设工程技术与计量(土木建筑工程)考试大纲。
606 0  @a建筑造价管理@x资格考试@j题解
606 0  @a建筑施工@x技术@x资格考试@j题解
606 0  @a土木工程@x资格考试@j题解
690    @aTU723.31@v5
690    @aTU74@v5
701  0 @a杨莉琼@Ayang li qiong@4主编
701  0 @a兰定筠@Alan ding jun@4主编
801  0 @aCN@bBJSDL@c20211011
905    @b1330500-3@dTU723.31@e1824@f4
    
    2020年版全国一级造价工程师职业资格考试模拟试题与解析.建设工程技术与计量.土木建筑工程/杨莉琼,兰定筠主编.-北京:中国计划出版社,2020.4
    252页:图;26cm
    
    
    ISBN 978-7-5182-1158-6:CNY55.00
    本书收录了十套建设工程技术与计量(土木建筑工程)模拟测试题及答案与解析。书后附建设工程技术与计量(土木建筑工程)考试大纲。
●
相关链接 在E读中查询图书 在五车中查询图书 在当当中查询图书 在豆瓣中查询图书


正题名:2020年版全国一级造价工程师职业资格考试模拟试题与解析     索取号:TU723.31/1824         预约/预借

序号 登录号 条形码 馆藏地/架位号 状态 备注
1 1330500   213305001   第二样本阅览室/ [索取号:TU723.31/1824] 在馆    
2 1330501   213305010   第三借阅区/ [索取号:TU723.31/1824] 在馆    
3 1330502   213305029   第三借阅区/ [索取号:TU723.31/1824] 在馆    
4 1330503   213305038   第三借阅区/ [索取号:TU723.31/1824] 在馆    
唐山师范学院图书馆 欢迎您!
大连网信软件有限公司© 版权所有